In the event : (Record no. 14745)

000 -LEADER
fixed length control field 02745nam a2200265 a 4500
001 - CONTROL NUMBER
control field ASIN0804732515
005 - DATE AND TIME OF LATEST TRANSACTION
control field 20170105102903.0
008 - FIXED-LENGTH DATA ELEMENTS--GENERAL INFORMATION
fixed length control field 131021s1999 xxu eng d
020 ## - INTERNATIONAL STANDARD BOOK NUMBER
International Standard Book Number 0804732515 (paperback)
Terms of availability $21.95
020 ## - INTERNATIONAL STANDARD BOOK NUMBER
International Standard Book Number 9780804732512 (paperback)
040 ## - CATALOGING SOURCE
Original cataloging agency 0
050 04 - LIBRARY OF CONGRESS CALL NUMBER
Classification number PN4731
082 04 - DEWEY DECIMAL CLASSIFICATION NUMBER
Classification number 070.4
100 1# - MAIN ENTRY--PERSONAL NAME
Personal name Esch, Deborah.
245 10 - TITLE STATEMENT
Title In the event :
Remainder of title reading journalism, reading theory /
Statement of responsibility, etc. Deborah Esch.
250 ## - EDITION STATEMENT
Edition statement 1st ed.
260 ## - PUBLICATION, DISTRIBUTION, ETC.
Place of publication, distribution, etc. [S.l.] :
Name of publisher, distributor, etc. Stanford University Press,
Date of publication, distribution, etc. 1999.
300 ## - PHYSICAL DESCRIPTION
Extent 200 p. ;
Dimensions 22 cm.
490 1# - SERIES STATEMENT
Series statement Meridian: crossing aesthetics.
520 ## - SUMMARY, ETC.
Summary, etc. Assuming the burden of reading imposed by the correlation of the order of language and the order of events, this book argues that the possibility of reading and writing history is tied to the endurance of traces of the past and their coming to legibility, allegorically, at a given time. Through attentive readings of a range of texts—including theoretical writings, diaries, newspaper reports, and "live" television broadcasts— In the Event elaborates the ways in which allegory disrupts our presumptions of continuity and simultaneity between the image (whatever its medium) and what we take it to represent. The author demonstrates that a theoretical corpus must be understood not merely as a discrete set of arguments, but as work that takes place in time and on which time itself is at work. Against the temptation to regard a text (including a text of philosophical aesthetics or critical linguistics) as explained or defined by a fixed temporal context, this book emphasizes the textual operation of time. This attention to temporality opens the possibility of reading the notoriously difficult and resistant text of television. The book's central chapters analyze the seductions of "live" broadcasting: an incisive account of news coverage of the Gulf War, for example, reveals how the unproblematic articulation of "live" television with the real has its impulse in a broader realist ideology that finds its opportunity in the failure to reflect on the distances of space and time that characterize the medium. The author also explores the very different punctuality of the journal in evocative readings of the diaries of Alice James and Derek Jarman, both "journals of survival" written at the uncertain boundary of life and death. Here, and throughout the book, the readings argue that what we take to be historical events are actually produced, even constituted, by an array of discursive technologies, including language itself.
650 #0 - SUBJECT ADDED ENTRY--TOPICAL TERM
Topical term or geographic name entry element Journalism
830 #0 - SERIES ADDED ENTRY--UNIFORM TITLE
Uniform title Meridian: crossing aesthetics.
856 40 - ELECTRONIC LOCATION AND ACCESS
Materials specified Amazon.com
Uniform Resource Identifier <a href="http://www.amazon.com/exec/obidos/ASIN/0804732515/chopaconline-20">http://www.amazon.com/exec/obidos/ASIN/0804732515/chopaconline-20</a>
942 ## - ADDED ENTRY ELEMENTS (KOHA)
Source of classification or shelving scheme
Koha item type Book
Holdings
Withdrawn status Lost status Damaged status Not for loan Collection code Permanent Location Current Location Shelving location Date acquired Total Checkouts Full call number Barcode Date last seen Price effective from Koha item type
          Centre for International Peace & Stability (CIPS) Centre for International Peace & Stability (CIPS) General Stacks 09/13/2013   070.4 HAM 1999 CIPS0000982 10/21/2013 10/21/2013 Book
© 2023 Central Library, National University of Sciences and Technology. All Rights Reserved.